000 00617nam a22002055i 4500
001 13647
003 ES-MaACL
005 20230906150630.0
007 t|
008 980323s1997 sp ||||0| spa j
020 _a84-260-3254-0
040 _aM-BN
_bspa
_cM-BN
080 _a330.534(460)
245 0 0 _aContabilidad nacional de España
_b: base 1986 : serie contable 1991-1996.
260 _aMadrid :
_bINE,
_c1997.
300 _a462 p. ;
_c30 cm.
650 4 _aContabilidad nacional-
_zEspaña.
_911312
710 2 _aInstituto Nacional de Estadística (España)
_95162
852 _aES-MaACL
_jL-21018
_bR.126583
999 _c13647
_d13647